000 00826nam a22002531 4500
001 35132
003 BD-RjUL
005 20211209052251.0
008 140521r19601953nyua b 001 0 eng d
035 _a(BD-RjUL)35226
040 _aDLC
_cDLC
_dDLC
_dBD-RjUL
_beng
041 _aeng
082 0 0 _a519.5
_bHAS V-3 1960
100 1 _aHansen, Morris H.
_q(Morris Howard),
_d1910-
_9106983
245 1 0 _aSample survey methods and theory /
_cby Morris H. Hansen, William N. Hurwitz and William G. Madow.
_nVolume three
260 _aNew York :
_bWiley,
_c1953.
300 _axiii, 332 p. :
_bill. ;
_c24 cm.
490 0 _aWiley publications in statistics
504 _aIncludes bibliographical references and index.
650 0 _aSampling (Statistics)
_9106984
942 _2ddc
_cBK
999 _c35132
_d35132